C by dissection : (Record no. 735)
| 000 -LEADER | |
|---|---|
| fixed length control field | 00621cam a22002294a 4500 |
| 001 - CONTROL NUMBER | |
| control field | 12114722 |
| 003 - CONTROL NUMBER IDENTIFIER | |
| control field | OSt |
| 005 - DATE AND TIME OF LATEST TRANSACTION | |
| control field | 20140116120836.0 |
| 008 - FIXED-LENGTH DATA ELEMENTS--GENERAL INFORMATION | |
| fixed length control field | 000721s2001 maua 001 0 eng |
| 020 ## - INTERNATIONAL STANDARD BOOK NUMBER | |
| International Standard Book Number | 9780201713749 |
| 040 ## - CATALOGING SOURCE | |
| Transcribing agency | DLC |
| 050 00 - LIBRARY OF CONGRESS CALL NUMBER | |
| Classification number | QA76.73.C153K45 2001 |
| 100 1# - MAIN ENTRY--PERSONAL NAME | |
| Personal name | Kelley, Al. |
| 245 10 - TITLE STATEMENT | |
| Title | C by dissection : |
| Remainder of title | the essentials of C programming / |
| Statement of responsibility, etc | Al Kelley and Ira Pohl. |
| 250 ## - EDITION STATEMENT | |
| Edition statement | 4th ed. |
| 260 ## - PUBLICATION, DISTRIBUTION, ETC. (IMPRINT) | |
| Place of publication, distribution, etc | Boston : |
| Name of publisher, distributor, etc | Addison Wesley, |
| Date of publication, distribution, etc | 2001. |
| 300 ## - PHYSICAL DESCRIPTION | |
| Extent | xxiii, 641 p. : |
| Other physical details | ill. |
| 500 ## - GENERAL NOTE | |
| General note | Includes index. |
| 650 #0 - SUBJECT ADDED ENTRY--TOPICAL TERM | |
| Topical term or geographic name as entry element | C (Computer program language) |
| 700 1# - ADDED ENTRY--PERSONAL NAME | |
| Personal name | Pohl, Ira. |
| 942 ## - ADDED ENTRY ELEMENTS (KOHA) | |
| Source of classification or shelving scheme | |
| Koha item type | Book |
| Withdrawn status | Lost status | Source of classification or shelving scheme | Damaged status | Not for loan | Home library | Current library | Date acquired | Source of acquisition | Total Checkouts | Full call number | Barcode | Date last seen | Date checked out | Copy number | Price effective from | Koha item type |
|---|---|---|---|---|---|---|---|---|---|---|---|---|---|---|---|---|
| Riara University Library | Riara University Library | 28/10/2011 | Purchase | 2 | QA76.73.C153K45 2001 | 2786/11 | 27/10/2018 | 04/10/2018 | C.1 | 28/10/2011 | Book | |||||
| Riara University Library | Riara University Library | 28/10/2011 | Purchase | 5 | QA76.73.C153K45 2001 | 2785/11 | 24/05/2017 | 12/04/2017 | C.2 | 28/10/2011 | Book | |||||
| Riara University Library | Riara University Library | 08/05/2012 | 5 | QA76.73.C153K452001 | 3200/11 | 08/07/2019 | 18/03/2019 | C.3 | 08/05/2012 | Book |
